[Event "Berlin Lichtenberger op 15th"]
[Site "Berlin"]
[Date "2016.08.20"]
[Round "8"]
[White "Kramer, Ralf"]
[Black "Spreer, Lutz"]
[Result "1-0"]
[WhiteElo "1559"]
[BlackElo "1651"]
[PlyCount "45"]
[EventDate "2016.08.13"]
[EventType "swiss"]
[EventRounds "9"]
[EventCountry "GER"]
[SourceTitle "CBM 173 Extra"]
[Source "ChessBase"]
[SourceDate "2016.08.29"]
[SourceVersion "1"]
[SourceVersionDate "2016.08.29"]
[SourceQuality "1"]

1. e4 d5 2. d4 dxe4 3. Bc4 Nf6 4. f3 Bf5 5. g4 Bg6 6. f4 h5 7. f5 Bh7 8. g5 Nd5 9. Qxh5 g6 10. fxg6 fxg6 11. Qe2 Nb6 12. Bb3 Qxd4 13. Nc3 Nc6 14. Be3 Qb4 15. a3 Qa5 16. 0-0-0 e5 17. Nxe4 Bxa3 18. Nf6+ Ke7 19. bxa3 Qxa3+ 20. Kb1 a5 21. Bxb6 a4 22. Rd7+ Kf8 23. Rf7# 1-0

[Event "Berlin Lieb Memorial 2nd"]
[Site "Berlin"]
[Date "2016.06.23"]
[Round "6"]
[White "Kramer, Ralf"]
[Black "Koerner, Reinhard"]
[Result "1-0"]
[WhiteElo "1567"]
[BlackElo "1483"]
[PlyCount "59"]
[EventDate "2016.05.19"]
[EventType "swiss"]
[EventRounds "7"]
[EventCountry "GER"]
[SourceTitle "EXT 2022"]
[Source "ChessBase"]
[SourceDate "2021.10.06"]
[SourceVersion "1"]
[SourceVersionDate "2021.10.06"]
[SourceQuality "1"]

1. e4 b6 2. d4 Bb7 3. Bd3 e6 4. Qe2 Nf6 5. Nf3 Be7 6. e5 Nd5 7. Be4 Qc8 8. c4 Nb4 9. a3 Bxe4 10. Qxe4 d5 11. exd6 Nc2+ 12. Qxc2 cxd6 13. 0-0 Nd7 14. Re1 Nf6 15. Qd3 Qb7 16. Nc3 h6 17. Ne4 Nh7 18. Bf4 Qd7 19. Rad1 g5 20. Bc1 0-0-0 21. b4 d5 22. cxd5 Qxd5 23. Ne5 Rhf8 24. Nc3 Qb7 25. Qxh7 Bd6 26. Qe4 Qc7 27. Qa8+ Qb8 28. Qxb8+ Bxb8 29. Nc6 Rd7 30. Nxb8 1-0

[Event "Berlin Lieb Memorial 1st"]
[Site "Berlin"]
[Date "2015.06.11"]
[Round "4"]
[White "Hasic, Mirza"]
[Black "Kramer, Ralf"]
[Result "1-0"]
[WhiteElo "1928"]
[BlackElo "1518"]
[PlyCount "75"]
[EventDate "2015.05.21"]
[EventType "swiss"]
[EventRounds "7"]
[EventCountry "GER"]
[SourceTitle "EXT 2022"]
[Source "ChessBase"]
[SourceDate "2021.10.06"]
[SourceVersion "1"]
[SourceVersionDate "2021.10.06"]
[SourceQuality "1"]

1. d4 Nf6 2. Nf3 b5 3. e3 a6 4. Bd3 Bb7 5. Nbd2 e6 6. 0-0 Be7 7. Re1 c5 8. c3 Nc6 9. e4 c4 10. Bc2 0-0 11. Qe2 g6 12. Nf1 Nh5 13. Bh6 Ng7 14. Ng3 Re8 15. Rad1 Qc7 16. h4 d6 17. Bg5 f6 18. Bh6 Nd8 19. Nh2 Nf7 20. Bc1 f5 21. h5 gxh5 22. Nxh5 Bxe4 23. Bxe4 fxe4 24. Qg4 Ng5 25. Nxg7 Kxg7 26. Bxg5 Bxg5 27. Qxg5+ Kh8 28. Qf6+ Qg7 29. Qxg7+ Kxg7 30. Rxe4 d5 31. Rg4+ Kf6 32. Rh4 Ra7 33. Re1 Rg7 34. Rh6+ Kf7 35. Nf3 Rg6 36. Rxh7+ Kf6 37. Ne5 Rg5 38. Rf7# 1-0

[Event "Berlin Spring op-B"]
[Site "Berlin"]
[Date "2014.05.01"]
[Round "1"]
[White "Kramer, Ralf"]
[Black "Schubert, Edgar"]
[Result "0-1"]
[WhiteElo "1403"]
[BlackElo "1753"]
[PlyCount "30"]
[EventDate "2014.05.01"]
[EventType "swiss"]
[EventRounds "7"]
[EventCountry "GER"]
[SourceTitle "CBM 160 Extra"]
[Source "ChessBase"]
[SourceDate "2014.07.01"]
[SourceVersion "1"]
[SourceVersionDate "2014.07.01"]
[SourceQuality "1"]

1. e4 e5 2. Nf3 Nc6 3. Bc4 Nf6 4. Nc3 Bc5 5. 0-0 d6 6. d3 Bg4 7. a3 Nd4 8. b4 Bb6 9. Nd5 Nxd5 10. Bxd5 Nxf3+ 11. gxf3 Bc8 12. c3 c6 13. Bb3 Bh3 14. Re1 Qf6 15. Qd2 Qxf3 0-1